[Event "Aragon-chT Preferente Gr I "]
[Site "Aragon"]
[Date "2018.02.03"]
[Round "2.41"]
[White "Galve Guinea, Alejandro"]
[Black "Gimeno Oteo, Marco Antonio"]
[Result "0-1"]
[WhiteElo "2019"]
[BlackElo "2104"]
[PlyCount "44"]
[EventDate "2018.01.27"]
[EventType "team-tourn"]
[EventRounds "9"]
[EventCountry "ESP"]
[SourceTitle "EXT 2019"]
[Source "ChessBase"]
[SourceDate "2018.10.10"]
[SourceVersion "1"]
[SourceVersionDate "2018.10.10"]
[SourceQuality "1"]
[WhiteTeam "El Olivar III"]
[BlackTeam "San Jose"]
[WhiteTeamCountry "ESP"]
[BlackTeamCountry "ESP"]

1. Nf3 Nf6 2. c4 d6 3. d4 g6 4. Nc3 Bg7 5. e4 0-0 6. Be2 e5 7. Be3 c6 8. dxe5 dxe5 9. Qxd8 Rxd8 10. 0-0 Ng4 11. Bg5 f6 12. Bd2 Na6 13. h3 Nh6 14. Rfd1 Be6 15. Be3 Rxd1+ 16. Rxd1 Nf7 17. a3 Bf8 18. b4 Nc7 19. Nd2 b6 20. Bg4 f5 21. exf5 gxf5 22. Bf3 f4 0-1

[Event "Aragon-chT Honor Descenso"]
[Site "Aragon"]
[Date "2017.04.08"]
[Round "10.19"]
[White "Ciriano Lamban, Alejandro"]
[Black "Gimeno Oteo, Marco Antonio"]
[Result "1-0"]
[WhiteElo "2012"]
[BlackElo "2071"]
[PlyCount "109"]
[EventDate "2017.02.25"]
[EventType "team-tourn"]
[EventRounds "10"]
[EventCountry "ESP"]
[SourceTitle "EXT 2018"]
[Source "ChessBase"]
[SourceDate "2017.10.13"]
[SourceVersion "1"]
[SourceVersionDate "2017.10.13"]
[SourceQuality "1"]
[WhiteTeam "Marcos Frechin"]
[BlackTeam "San Jose"]
[WhiteTeamCountry "ESP"]
[BlackTeamCountry "ESP"]

1. b3 Nf6 2. Bb2 d6 3. d4 g6 4. Nf3 Bg7 5. c4 0-0 6. Nbd2 e5 7. dxe5 Ng4 8. h3 Nxe5 9. Nxe5 dxe5 10. e3 Qe7 11. Qc2 Nc6 12. a3 Bf5 13. e4 Be6 14. Nf3 f5 15. Bd3 Kh8 16. 0-0-0 Rad8 17. Rhe1 f4 18. Kb1 Nd4 19. Nxd4 exd4 20. h4 Be5 21. h5 g5 22. f3 c5 23. Qd2 h6 24. Qa5 b6 25. Qd2 Rc8 26. Rc1 Rg8 27. Rg1 Rg7 28. Rgf1 Qf7 29. Rh1 Rcg8 30. Rcf1 Qc7 31. Bc1 a6 32. Qc2 Rb8 33. Ka1 b5 34. Bb2 Qd6 35. Rc1 Rc7 36. Rhd1 b4 37. a4 Bd7 38. Qb1 Rcb7 39. Qa2 Rg8 40. Rh1 Be8 41. Rcg1 Rbg7 42. Qb1 g4 43. Be2 g3 44. Rh3 Rg5 45. Rgh1 Kh7 46. Qd3 Bf7 47. Bc1 Rf8 48. Bxf4 Be6 49. Bxe5 Qxe5 50. Rh4 Rf4 51. Ka2 Kg7 52. Kb1 Rxh4 53. Rxh4 Qf6 54. f4 Re5 55. Qxg3+ 1-0

[Event "Aragon-chT Honor 7_10"]
[Site "Aragon"]
[Date "2016.03.19"]
[Round "8.13"]
[White "Garza Marco, Sergio"]
[Black "Gimeno Oteo, Marco Antonio"]
[Result "1-0"]
[WhiteElo "2398"]
[BlackElo "2070"]
[PlyCount "87"]
[EventDate "2016.03.19"]
[EventType "team-tourn"]
[EventRounds "9"]
[EventCountry "ESP"]
[SourceTitle "EXT 2018"]
[Source "ChessBase"]
[SourceDate "2017.10.13"]
[SourceVersion "1"]
[SourceVersionDate "2017.10.13"]
[SourceQuality "1"]
[WhiteTeam "Helios"]
[BlackTeam "San Jose"]
[WhiteTeamCountry "ESP"]
[BlackTeamCountry "ESP"]

1. d4 Nf6 2. Nf3 g6 3. c4 Bg7 4. Nc3 d6 5. Bg5 h6 6. Bh4 g5 7. Bg3 Nh5 8. e3 Nd7 9. Be2 Nxg3 10. hxg3 Nf6 11. Qc2 Bg4 12. Nd2 Bxe2 13. Nxe2 Qd7 14. c5 c6 15. Rc1 d5 16. b4 Ng4 17. a4 a6 18. Rb1 0-0 19. Rb3 e5 20. f3 exd4 21. fxg4 dxe3 22. Rxe3 Rfe8 23. Rxe8+ Rxe8 24. Nf3 Qxg4 25. Kf2 Re4 26. b5 axb5 27. axb5 Rc4 28. Qa2 Ra4 29. Qd2 Qf5 30. bxc6 bxc6 31. Kg1 Rc4 32. Kh2 Rxc5 33. Ned4 Qg6 34. Re1 Rc4 35. g4 Qd6+ 36. Kh3 Qf4 37. Re8+ Kh7 38. Qd3+ f5 39. Qxf5+ Qxf5 40. Nxf5 Bf6 41. Ng3 Bc3 42. Re7+ Kg6 43. Re6+ Kh7 44. Nf5 1-0

[Event "Aragon-chT Honor GrB"]
[Site "Aragon"]
[Date "2016.02.20"]
[Round "4.18"]
[White "Gines Esteo, Pedro Antonio"]
[Black "Gimeno Oteo, Marco Antonio"]
[Result "1-0"]
[WhiteElo "2192"]
[BlackElo "2070"]
[PlyCount "111"]
[EventDate "2016.01.30"]
[EventType "team-tourn"]
[EventRounds "7"]
[EventCountry "ESP"]
[SourceTitle "EXT 2018"]
[Source "ChessBase"]
[SourceDate "2017.10.13"]
[SourceVersion "1"]
[SourceVersionDate "2017.10.13"]
[SourceQuality "1"]
[WhiteTeam "IberCaja"]
[BlackTeam "San Jose"]
[WhiteTeamCountry "ESP"]
[BlackTeamCountry "ESP"]

1. d4 Nf6 2. Nf3 g6 3. c4 Bg7 4. Nc3 0-0 5. e4 d6 6. Be3 c6 7. h3 a6 8. Qc2 b5 9. Bd3 bxc4 10. Bxc4 d5 11. Bd3 dxe4 12. Nxe4 Nd5 13. Bd2 Qb6 14. 0-0 Nd7 15. Qa4 Bb7 16. Ba5 Qa7 17. Rfe1 Rac8 18. Rac1 Nf4 19. Bf1 Ne6 20. Red1 Nb6 21. Qa3 Nd5 22. Nc5 Nxc5 23. Qxc5 Qb8 24. Rd3 Qf4 25. Bd2 Qd6 26. Rb3 Rb8 27. Ba5 Bh6 28. Rc2 Qxc5 29. Rxc5 Bf4 30. Ne5 Bxe5 31. dxe5 Rfc8 32. e6 fxe6 33. Be2 Kf7 34. Bg4 Ba8 35. Rf3+ Nf6 36. Re5 c5 37. Bxe6+ Kf8 38. Rf4 Rc6 39. Bd5 Rd6 40. Bc7 Rxd5 41. Rxd5 Bxd5 42. Bxb8 Bxa2 43. Be5 Kf7 44. Bxf6 exf6 45. Ra4 Be6 46. Rxa6 g5 47. Rc6 c4 48. Rc7+ Kg6 49. Kf1 h5 50. Ke2 h4 51. Ke3 f5 52. Kd4 Kf6 53. Rc6 g4 54. Rxe6+ Kxe6 55. Kxc4 f4 56. f3 1-0

[Event "Aragon-chT Preferente B"]
[Site "Aragon"]
[Date "2013.03.02"]
[Round "6.58"]
[White "Gimeno Oteo, Marco Antonio"]
[Black "Valiente Roy, Jose Javier"]
[Result "1-0"]
[WhiteElo "2119"]
[BlackElo "2031"]
[PlyCount "85"]
[EventDate "2013.01.26"]
[EventType "team"]
[EventRounds "9"]
[EventCountry "ESP"]
[SourceTitle "EXT 2014"]
[Source "ChessBase"]
[SourceDate "2013.11.20"]
[SourceVersion "1"]
[SourceVersionDate "2013.11.20"]
[SourceQuality "1"]
[WhiteTeam "San Jose"]
[BlackTeam "Ramiro II"]
[WhiteTeamCountry "ESP"]
[BlackTeamCountry "ESP"]

1. e4 c6 2. d4 d5 3. f3 dxe4 4. fxe4 e5 5. Nf3 Bg4 6. Bc4 Nd7 7. 0-0 Ngf6 8. dxe5 Bc5+ 9. Kh1 Bxf3 10. Bxf7+ Kxf7 11. Qxf3 Nxe5 12. Qh5+ Ng6 13. Qxc5 Qe7 14. Qc4+ Qe6 15. Qb4 b6 16. Bg5 Rhe8 17. Nd2 h6 18. Bxf6 gxf6 19. e5 c5 20. Qa4 Qxe5 21. Nf3 Qe4 22. Qb3+ Kg7 23. Rad1 Rad8 24. Rxd8 Rxd8 25. Re1 Qd5 26. Qe3 Rd7 27. Qe8 Qf7 28. Qc8 Re7 29. Rxe7 Qxe7 30. Qg4 Kh7 31. h4 Ne5 32. Qf5+ Kg7 33. h5 Nxf3 34. Qg6+ Kf8 35. Qxh6+ Kg8 36. Qg6+ Kh8 37. gxf3 Qe1+ 38. Kg2 Qe2+ 39. Kg3 Qe5+ 40. Kh3 Qf4 41. Qg4 Qe5 42. c3 f5 43. Qg6 1-0

[Event "Aragon-chT Preferente B"]
[Site "Aragon"]
[Date "2012.03.31"]
[Round "9.58"]
[White "Carruez Berges, Santiago"]
[Black "Gimeno Oteo, Marco Antonio"]
[Result "0-1"]
[WhiteElo "2117"]
[BlackElo "2110"]
[PlyCount "36"]
[EventDate "2012.02.04"]
[EventType "team"]
[EventRounds "9"]
[EventCountry "ESP"]
[SourceTitle "EXT 2014"]
[Source "ChessBase"]
[SourceDate "2013.11.20"]
[SourceVersion "1"]
[SourceVersionDate "2013.11.20"]
[SourceQuality "1"]
[WhiteTeam "Agrupacion II"]
[BlackTeam "San Jose"]
[WhiteTeamCountry "ESP"]
[BlackTeamCountry "ESP"]

1. Nf3 Nf6 2. g3 g6 3. Bg2 Bg7 4. 0-0 0-0 5. d3 d5 6. Nbd2 c5 7. e4 e6 8. c3 dxe4 9. Nxe4 Nxe4 10. dxe4 Qb6 11. Qc2 e5 12. Be3 Qc7 13. Rfd1 b6 14. Qd2 Bb7 15. Nh4 Na6 16. Qd7 Rad8 17. Qa4 Nb8 18. Qxa7 Na6 0-1

[Event "Aragon-chT Preferente"]
[Site "Spain"]
[Date "2010.03.06"]
[Round "7.10"]
[White "Valles Mata, David"]
[Black "Gimeno Oteo, Marco Antonio"]
[Result "1-0"]
[WhiteElo "2150"]
[BlackElo "2142"]
[PlyCount "102"]
[EventDate "2010.01.23"]
[EventType "team-swiss"]
[EventRounds "12"]
[EventCountry "ESP"]
[SourceTitle "EXT 2013"]
[Source "ChessBase"]
[SourceDate "2012.11.22"]
[SourceVersion "1"]
[SourceVersionDate "2012.11.22"]
[SourceQuality "1"]
[WhiteTeam "La Aurora Estadilla"]
[BlackTeam "San Jose"]
[WhiteTeamCountry "ESP"]
[BlackTeamCountry "ESP"]

1. e4 e5 2. Bc4 Nf6 3. d3 c6 4. Nf3 Be7 5. 0-0 d6 6. Re1 0-0 7. Nbd2 a5 8. a4 Nbd7 9. c3 b6 10. d4 Bb7 11. Bb3 Qc7 12. Nf1 c5 13. d5 c4 14. Bc2 Rfe8 15. Ng3 Bf8 16. Nf5 h6 17. h3 Kh7 18. g4 g6 19. Ng3 Ng8 20. g5 Bc8 21. gxh6 Bxh6 22. Ng5+ Kg7 23. h4 Nf8 24. Kg2 Qd7 25. Rh1 f6 26. Nh3 Bxc1 27. Rxc1 Nh6 28. h5 g5 29. f3 Nh7 30. Nf2 Qb7 31. Qe2 Qc7 32. Rhf1 Rb8 33. Ng4 Bd7 34. Ne3 Rec8 35. Nef5+ Bxf5 36. exf5 b5 37. Rfd1 b4 38. cxb4 Rxb4 39. Qe3 Rxb2 40. Qc3 Rcb8 41. Rb1 R8b3 42. Qxb2 Rxb2 43. Rxb2 g4 44. Rdb1 gxf3+ 45. Kxf3 Ng5+ 46. Kg2 Qc5 47. Rb7+ Nhf7 48. R7b5 Qe3 49. R1b2 Nh6 50. Rb7+ Ngf7 51. Be4 Ng4 1-0

[Event "Aragon-chT"]
[Site "Aragon"]
[Date "2009.01.24"]
[Round "1"]
[White "Colas Longares, Rafael P"]
[Black "Gimeno Oteo, Marco Antonio"]
[Result "1-0"]
[WhiteElo "2330"]
[BlackElo "2161"]
[PlyCount "67"]
[EventDate "2009.01.24"]
[EventType "team-swiss"]
[EventRounds "9"]
[EventCountry "ESP"]
[SourceTitle "EXT 2011"]
[Source "ChessBase"]
[SourceDate "2010.11.26"]
[SourceVersion "1"]
[SourceVersionDate "2010.11.26"]
[SourceQuality "1"]

1. e4 e5 2. Nf3 f5 3. Nxe5 Qf6 4. d4 d6 5. Nc4 fxe4 6. Be2 Nc6 7. d5 Ne5 8. Nc3 Nxc4 9. Bxc4 Qg6 10. Bb5+ Kd8 11. Rg1 Nf6 12. Bf4 Be7 13. Qd2 Rf8 14. 0-0-0 a6 15. Bc4 Bd7 16. Kb1 Qf5 17. h3 Bb5 18. Bb3 h5 19. a4 Bd7 20. Ne2 Nh7 21. g4 hxg4 22. hxg4 Qf7 23. g5 g6 24. Rg3 Qe8 25. Rh1 Rf7 26. Qb4 Kc8 27. Qxe4 Bf5 28. Qe3 Qd7 29. Nd4 Bd8 30. Qd2 b6 31. Nc6 Kb7 32. Bc4 Be7 33. a5 b5 34. Rb3 1-0

[Event "Aragon-chT"]
[Site "Aragon"]
[Date "2008.04.12"]
[Round "9"]
[White "Gimeno Oteo, Marco Antonio"]
[Black "Valiente Roy, Jose Javier"]
[Result "1-0"]
[WhiteElo "2162"]
[BlackElo "2109"]
[PlyCount "91"]
[EventDate "2008.02.02"]
[EventType "team-swiss"]
[EventRounds "12"]
[EventCountry "ESP"]
[SourceTitle "EXT 2011"]
[Source "ChessBase"]
[SourceDate "2010.11.26"]
[SourceVersion "1"]
[SourceVersionDate "2010.11.26"]
[SourceQuality "1"]

1. e4 c6 2. d4 d5 3. f3 e6 4. Nc3 b5 5. Be3 b4 6. Nce2 Ba6 7. Nh3 Nf6 8. Nf2 Be7 9. Qd2 0-0 10. Ng3 Bxf1 11. Rxf1 Qb6 12. e5 Nfd7 13. Nh5 c5 14. Bh6 g6 15. Bxf8 Bxf8 16. Qg5 h6 17. Qg3 Nc6 18. 0-0-0 Nxd4 19. Rxd4 cxd4 20. Nd3 a5 21. f4 a4 22. f5 exf5 23. Rxf5 b3 24. Kb1 bxc2+ 25. Kxc2 Rc8+ 26. Kb1 Qc6 27. Rf2 a3 28. b3 Kh8 29. Nf6 Nxf6 30. exf6 h5 31. Qf4 Kh7 32. Qd2 Bh6 33. Qd1 Qa6 34. Rc2 Rxc2 35. Kxc2 Qxf6 36. b4 Qc6+ 37. Nc5 Be3 38. Kb3 Qa8 39. Qf1 f5 40. Qb5 Bc1 41. Qd7+ Kh6 42. b5 Qa5 43. Ne6 Qc3+ 44. Ka4 d3 45. Qd8 h4 46. Qxh4# 1-0

[Event "Aragon-chT"]
[Site "Aragon"]
[Date "2008.03.01"]
[Round "5"]
[White "Bayod Rubia, Angel"]
[Black "Gimeno Oteo, Marco Antonio"]
[Result "1/2-1/2"]
[WhiteElo "2042"]
[BlackElo "2162"]
[PlyCount "110"]
[EventDate "2008.02.02"]
[EventType "team-swiss"]
[EventRounds "12"]
[EventCountry "ESP"]
[SourceTitle "EXT 2011"]
[Source "ChessBase"]
[SourceDate "2010.11.26"]
[SourceVersion "1"]
[SourceVersionDate "2010.11.26"]
[SourceQuality "1"]

1. Nf3 Nf6 2. g3 g6 3. Bg2 Bg7 4. 0-0 0-0 5. d4 d6 6. Re1 c5 7. e4 cxd4 8. Nxd4 e5 9. Nb3 Be6 10. Nc3 Nc6 11. Be3 Ne7 12. Qe2 Qb8 13. Rad1 Rd8 14. Rd2 Qc8 15. Qd1 Ng4 16. Rxd6 Nxe3 17. Rxe3 Rxd6 18. Qxd6 Nc6 19. Qd1 Bh6 20. Re1 Qd8 21. Nd5 b6 22. c3 Rc8 23. Qf3 Bg7 24. Rd1 h5 25. Qe2 h4 26. Nf4 Qe7 27. Nxe6 Qxe6 28. gxh4 Bh6 29. Qf3 Rd8 30. Rd5 Bf4 31. h5 Kg7 32. hxg6 Qxg6 33. h3 a5 34. Qd1 Qg5 35. Rxd8 Nxd8 36. Na1 Ne6 37. Nc2 Qe7 38. Ne3 Bxe3 39. fxe3 Qc5 40. Qg4+ Kf8 41. Qg3 Qc4 42. a3 Qe2 43. Qf2 Qd1+ 44. Kh2 Nc5 45. Bf3 Qd7 46. b4 Na4 47. bxa5 bxa5 48. c4 Qc6 49. Qd2 Qc5 50. Qd8+ Kg7 51. Qg5+ Kf8 52. Bh5 Qxc4 53. Qd8+ Kg7 54. Qd5 Qc2+ 55. Kg3 Qc7 1/2-1/2

[Event "Aragon-chT Autonomico"]
[Site "Aragon"]
[Date "2007.03.24"]
[Round "9"]
[White "Gimeno Oteo, Marco Antonio"]
[Black "Alonso Blasco, Jose Miguel"]
[Result "1-0"]
[WhiteElo "2156"]
[BlackElo "2107"]
[PlyCount "117"]
[EventDate "2007.01.27"]
[EventType "team"]
[EventRounds "9"]
[EventCountry "ESP"]
[SourceTitle "EXT 2008"]
[Source "ChessBase"]
[SourceDate "2007.11.25"]
[SourceVersion "1"]
[SourceVersionDate "2007.11.25"]
[SourceQuality "1"]
[WhiteTeam "San Jose"]
[BlackTeam "Las Fuentes"]
[WhiteTeamCountry "ESP"]
[BlackTeamCountry "ESP"]

1. e4 c6 2. d4 d5 3. Nc3 dxe4 4. Nxe4 Nf6 5. Nxf6+ gxf6 6. Nf3 Bf5 7. Bd3 Bg6 8. h4 Bh5 9. Be3 Qd5 10. Be2 Rg8 11. g3 e6 12. 0-0 Nd7 13. Nh2 Bxe2 14. Qxe2 0-0-0 15. c4 Qe4 16. Qf3 Qxf3 17. Nxf3 h5 18. Rfd1 a6 19. Rac1 e5 20. Kg2 Bb4 21. a3 Ba5 22. dxe5 fxe5 23. Ng5 Rdf8 24. Rd6 f6 25. Ne4 Bc7 26. Re6 f5 27. Ng5 f4 28. Bd2 Bd8 29. Ne4 fxg3 30. fxg3 Bxh4 31. Rh1 Bd8 32. Rxh5 Rg4 33. Nd6+ Kc7 34. Rh7 Rfg8 35. Nf5 Kc8 36. Be1 R4g5 37. Ne7+ Bxe7 38. Rexe7 Nc5 39. Rc7+ Kb8 40. Bf2 b6 41. b4 Nd3 42. Rxc6 Nxf2 43. Rxb6+ Kc8 44. Rxa6 Rxg3+ 45. Kxf2 Rg2+ 46. Ke3 R2g3+ 47. Ke4 R3g4+ 48. Kd5 Kb8 49. Re6 Rd8+ 50. Kc5 Rc8+ 51. Kb6 Rgxc4 52. Rb7+ Ka8 53. Ra7+ Kb8 54. b5 Rh8 55. a4 e4 56. a5 e3 57. Ka6 Rh3 58. Re8+ Rc8 59. Rb7+ 1-0

[Event "Aragon-chT Autonomico"]
[Site "Aragon"]
[Date "2007.03.17"]
[Round "8"]
[White "Villuendas Valero, Adrian"]
[Black "Gimeno Oteo, Marco Antonio"]
[Result "1-0"]
[WhiteElo "2224"]
[BlackElo "2156"]
[PlyCount "135"]
[EventDate "2007.01.27"]
[EventType "team"]
[EventRounds "9"]
[EventCountry "ESP"]
[SourceTitle "EXT 2008"]
[Source "ChessBase"]
[SourceDate "2007.11.25"]
[SourceVersion "1"]
[SourceVersionDate "2007.11.25"]
[SourceQuality "1"]
[WhiteTeam "St Casablanca II"]
[BlackTeam "San Jose"]
[WhiteTeamCountry "ESP"]
[BlackTeamCountry "ESP"]

1. d4 Nf6 2. c4 g6 3. Nc3 Bg7 4. e4 d6 5. Nf3 0-0 6. Be2 e5 7. 0-0 Nbd7 8. Re1 c6 9. d5 cxd5 10. cxd5 Nh5 11. Be3 Nf4 12. Bf1 Nf6 13. Bxf4 exf4 14. e5 dxe5 15. Nxe5 Ne8 16. Qf3 Qg5 17. Nd3 Nd6 18. Qxf4 Qxf4 19. Nxf4 Bf5 20. Bd3 Rac8 21. Bxf5 Nxf5 22. Nfe2 Rfd8 23. Red1 Nd6 24. Rac1 Bh6 25. f4 g5 26. g3 gxf4 27. Nxf4 Bxf4 28. gxf4 Rc4 29. Ne2 Re4 30. Kf2 Rde8 31. Rc2 Ra4 32. b3 Ra6 33. Ng3 Kf8 34. Kf3 Ra5 35. a4 Ra6 36. Rc3 Rb6 37. Ne2 Rd8 38. Nd4 a6 39. Rdd3 Ke7 40. Rc7+ Kf6 41. Nc2 Ne8 42. Rc5 Rbd6 43. Ne3 R6d7 44. Ng4+ Ke7 45. Ne5 Rd6 46. Nc4 Rh6 47. Re3+ Kf8 48. Kg3 Rg6+ 49. Kf3 Rh6 50. Kg2 Rf6 51. Rf3 b6 52. Rc6 b5 53. Nb6 Rf5 54. Kg3 Nd6 55. Rd3 Rf6 56. Kf3 Rh6 57. Kg2 Rh4 58. Rh3 Rxf4 59. Rxh7 Rg4+ 60. Kf3 Rg8 61. Rc7 Ke8 62. a5 b4 63. h4 Nf5 64. Rhxf7 Nxh4+ 65. Ke3 Ng6 66. Kd4 Rh8 67. Rg7 Rh6 68. Kc5 1-0

[Event "Aragon-chT Autonomico"]
[Site "Aragon"]
[Date "2007.02.10"]
[Round "3"]
[White "Cobo Garrido, Diego Israel"]
[Black "Gimeno Oteo, Marco Antonio"]
[Result "0-1"]
[WhiteElo "1969"]
[BlackElo "2156"]
[PlyCount "112"]
[EventDate "2007.01.27"]
[EventType "team"]
[EventRounds "9"]
[EventCountry "ESP"]
[SourceTitle "EXT 2008"]
[Source "ChessBase"]
[SourceDate "2007.11.25"]
[SourceVersion "1"]
[SourceVersionDate "2007.11.25"]
[SourceQuality "1"]
[WhiteTeam "Aragon ONCE"]
[BlackTeam "San Jose"]
[WhiteTeamCountry "ESP"]
[BlackTeamCountry "ESP"]

1. e4 e5 2. Nf3 f5 3. Nxe5 Qf6 4. d4 d6 5. Nc4 fxe4 6. Nc3 Qg6 7. Bf4 Nf6 8. d5 Be7 9. Qd4 0-0 10. Ne3 Nh5 11. Bg3 Bf6 12. Qc4 b5 13. Nxb5 Nxg3 14. hxg3 Bxb2 15. Rb1 Qf6 16. Nd1 Be5 17. Nxc7 Bd4 18. Nxa8 Ba6 19. Qc7 Bxf2+ 20. Nxf2 Qxf2+ 21. Kd1 e3 22. Kc1 Qd2+ 23. Kb2 Rc8 24. Bxa6 Rxc7 25. Nxc7 Qb4+ 26. Kc1 Qd2+ 27. Kb2 Qa5 28. Bd3 Qxc7 29. Bxh7+ Kf7 30. Rbf1+ Ke7 31. Rh4 Qb6+ 32. Kc1 Nd7 33. Rg4 g5 34. Re4+ Ne5 35. Re1 Qa5 36. R1xe3 Qxa2 37. Bg8 Kf8 38. Be6 Nc4 39. Rb3 Qa1+ 40. Rb1 Qc3 41. Re2 Qxg3 42. Rb8+ Kg7 43. Kb1 Qf4 44. Rg8+ Kh7 45. Re1 Nd2+ 46. Kb2 Qb4+ 47. Kc1 Nb3+ 48. cxb3 Qxe1+ 49. Kb2 Qe2+ 50. Ka3 Qxg2 51. Rc8 g4 52. Rc6 Qg1 53. Ka4 g3 54. Rxd6 g2 55. Rd7+ Kh6 56. Bh3 Qa1+ 0-1

[Event "Aragon-chT Autonomico"]
[Site "Aragon"]
[Date "2007.01.27"]
[Round "1"]
[White "Gimeno Oteo, Marco Antonio"]
[Black "Lasanta Rica, Cesar"]
[Result "1-0"]
[WhiteElo "2156"]
[BlackElo "2300"]
[PlyCount "61"]
[EventDate "2007.01.27"]
[EventType "team"]
[EventRounds "9"]
[EventCountry "ESP"]
[SourceTitle "EXT 2008"]
[Source "ChessBase"]
[SourceDate "2007.11.25"]
[SourceVersion "1"]
[SourceVersionDate "2007.11.25"]
[SourceQuality "1"]
[WhiteTeam "San Jose"]
[BlackTeam "IberCaja"]
[WhiteTeamCountry "ESP"]
[BlackTeamCountry "ESP"]

1. e4 d5 2. exd5 Qxd5 3. Nc3 Qd8 4. Bc4 c6 5. Nf3 Bf5 6. d4 e6 7. 0-0 Nf6 8. Qe2 Be7 9. a4 a5 10. Bf4 Na6 11. Rad1 Nb4 12. Bb3 0-0 13. h3 Nbd5 14. Bxd5 exd5 15. Ne5 h6 16. Rfe1 Bb4 17. g4 Bh7 18. f3 Re8 19. Qg2 Nd7 20. Qd2 Nb6 21. b3 c5 22. Kg2 c4 23. Re3 f6 24. Rde1 fxe5 25. Bxe5 Nd7 26. Bc7 Qxc7 27. Rxe8+ Rxe8 28. Rxe8+ Nf8 29. Qe3 Bg6 30. Nxd5 Qd7 31. Ne7+ 1-0

[Event "ESP Autonomico-chT Promocion"]
[Site "Spain"]
[Date "2006.04.29"]
[Round "12.14"]
[White "Vasilev, Vas"]
[Black "Gimeno Oteo, Marco Antonio"]
[Result "0-1"]
[WhiteElo "1995"]
[BlackElo "2171"]
[PlyCount "118"]
[EventDate "2006.04.29"]
[EventType "team"]
[EventRounds "1"]
[EventCountry "ESP"]
[SourceTitle "EXT 2007"]
[Source "ChessBase"]
[SourceDate "2006.11.23"]
[SourceVersion "1"]
[SourceVersionDate "2006.11.23"]
[SourceQuality "1"]

1. Nf3 Nf6 2. d4 g6 3. c4 Bg7 4. Nc3 0-0 5. Bg5 c5 6. d5 d6 7. e4 b5 8. cxb5 a6 9. a4 Nbd7 10. Nd2 Ne8 11. Be2 Nc7 12. 0-0 h6 13. Bh4 axb5 14. axb5 Nb6 15. Rxa8 Ncxa8 16. Qc2 Bd7 17. Ra1 g5 18. Bg3 Qb8 19. Nb3 c4 20. Na5 Bxc3 21. Qxc3 Bxb5 22. Qb4 Nd7 23. Bxc4 Bxc4 24. Qxb8 Rxb8 25. Nxc4 Nc5 26. f3 Nb6 27. Na5 Kf8 28. Nc6 Rb7 29. h4 Nb3 30. Rb1 Nc4 31. e5 dxe5 32. Nxe5 Ncd2 33. Re1 gxh4 34. Bxh4 f6 35. Nc6 Nc4 36. Re2 Kf7 37. Be1 Nb6 38. Nb4 Rd7 39. Re3 Nc5 40. Rc3 Nca4 41. Rc2 Nxd5 42. Nxd5 Rxd5 43. b3 Nc5 44. Rc3 h5 45. Bf2 Rd1+ 46. Kh2 Nd3 47. Be3 Kg6 48. Bb6 Nf4 49. Rc2 Rb1 50. Bc5 h4 51. Ra2 Nh5 52. Bb6 Ng3 53. Bg1 Rxb3 54. Bf2 Nf5 55. Kh3 Rb1 56. Kh2 Rf1 57. Re2 Kg5 58. Rd2 Kf4 59. Re2 Ng3 0-1